[Event "IECG WC.2004.F.00005"]
[Site "IECG email"]
[Date "2005.05.16"]
[Round "?"]
[White "Casser, Aaron"]
[Black "Couto, Rafael"]
[Result "0-1"]
[WhiteElo "1526"]
[BlackElo "1591"]
[PlyCount "90"]
[EventDate "2005.05.16"]
[EventType "tourn (corr)"]
[EventRounds "6"]
[SourceTitle "Corr 2008"]
[Source "ChessBase"]
[SourceDate "2008.06.24"]
[SourceVersion "1"]
[SourceVersionDate "2008.06.24"]
[SourceQuality "1"]

1. e4 c5 2. Nf3 d6 3. d4 cxd4 4. Nxd4 Nf6 5. Nc3 Nc6 6. Bg5 e6 7. Qd2 Be7 8. 0-0-0 Nxd4 9. Qxd4 0-0 10. f3 Qa5 11. Bd2 e5 12. Qf2 Be6 13. Nd5 Qd8 14. Nxe7+ Qxe7 15. a3 Rfc8 16. g4 Rc6 17. Bb5 Rc5 18. Bd3 Qc7 19. g5 Nd7 20. Bb4 Rc6 21. Bb5 a5 22. Bxc6 axb4 23. Bxd7 Bxd7 24. axb4 Qc4 25. c3 Qb3 26. Qc2 Qe6 27. Kd2 Qh3 28. Ke3 f5 29. gxf6 Qh6+ 30. Ke2 Qxf6 31. Ra1 Rc8 32. b3 d5 33. Qd3 dxe4 34. fxe4 Bg4+ 35. Ke1 Rd8 36. Qe3 Qh4+ 37. Qf2 Qh3 38. Qg3 Qh6 39. h3 Qd2+ 40. Kf1 Be2+ 41. Kg1 Rd3 42. Qf2 Qg5+ 43. Kh2 Rf3 44. Qe1 Qf4+ 45. Kg2 Bd3 0-1

[Event "IECG WC.2004.F.00005"]
[Site "IECG email"]
[Date "2005.05.16"]
[Round "?"]
[White "Couto, Rafael"]
[Black "Petters, Paul"]
[Result "0-1"]
[WhiteElo "1591"]
[BlackElo "1690"]
[PlyCount "74"]
[EventDate "2005.05.16"]
[EventType "tourn (corr)"]
[EventRounds "6"]
[SourceTitle "Corr 2008"]
[Source "ChessBase"]
[SourceDate "2008.06.24"]
[SourceVersion "1"]
[SourceVersionDate "2008.06.24"]
[SourceQuality "1"]

1. e4 c5 2. Nc3 e6 3. Nf3 a6 4. d4 b5 5. Be2 cxd4 6. Nxd4 Qc7 7. 0-0 Bb7 8. Bf3 Nc6 9. Nxc6 dxc6 10. e5 Qxe5 11. Re1 Qc7 12. Qd4 c5 13. Qe3 Nf6 14. a4 b4 15. Ne4 Be7 16. Bd2 Nd5 17. Qe2 0-0 18. Rad1 Rad8 19. b3 Nf4 20. Bxf4 Qxf4 21. g3 Qc7 22. Nd2 Bf6 23. Bxb7 Qxb7 24. Ne4 Bd4 25. Qc4 Rd5 26. Re2 Rfd8 27. Red2 h6 28. Rd3 Rf5 29. Re3 Rd7 30. Re2 Bxf2+ 31. Nxf2 Rxf2 32. Kxf2 Rxd1 33. Qxc5 Qh1 34. Ke3 Qg1+ 35. Rf2 Re1+ 36. Kd3 f6 37. Qb6 Re5 0-1

[Event "IECG WC.2004.F.00005"]
[Site "IECG email"]
[Date "2005.05.16"]
[Round "?"]
[White "Couto, Rafael"]
[Black "Richkov, Sergei"]
[Result "1/2-1/2"]
[WhiteElo "1591"]
[BlackElo "1876"]
[PlyCount "79"]
[EventDate "2005.05.16"]
[EventType "tourn (corr)"]
[EventRounds "6"]
[SourceTitle "Corr 2008"]
[Source "ChessBase"]
[SourceDate "2008.06.24"]
[SourceVersion "1"]
[SourceVersionDate "2008.06.24"]
[SourceQuality "1"]

1. e4 c5 2. Nc3 Nc6 3. Nge2 e6 4. d4 cxd4 5. Nxd4 a6 6. Be3 Nf6 7. f3 Qc7 8. Qd2 b5 9. Nxc6 Qxc6 10. Bd3 Bd6 11. 0-0 0-0 12. Ne2 Bb7 13. c3 Qc7 14. g3 e5 15. a4 Bc5 16. Nc1 d5 17. exd5 Rfd8 18. axb5 axb5 19. Rxa8 Bxa8 20. Bxc5 Qxc5+ 21. Qf2 Qxd5 22. Qb6 Bc6 23. Rd1 e4 24. Be2 Qxd1+ 25. Bxd1 Rxd1+ 26. Kf2 exf3 27. Qxc6 Ng4+ 28. Kxf3 Ne5+ 29. Ke2 Nxc6 30. Kxd1 f5 31. Kc2 Kf7 32. Nd3 Ke6 33. Kd2 g5 34. Ke3 Na5 35. Ke2 Kd5 36. Nb4+ Ke4 37. Na6 Nc4 38. Nc5+ Kd5 39. Nd3 h5 40. h3 1/2-1/2

[Event "IECG WC.2004.F.00005"]
[Site "IECG email"]
[Date "2005.05.16"]
[Round "?"]
[White "Schalkwijk, Peter H"]
[Black "Couto, Rafael"]
[Result "0-1"]
[WhiteElo "1561"]
[BlackElo "1591"]
[PlyCount "98"]
[EventDate "2005.05.16"]
[EventType "tourn (corr)"]
[EventRounds "6"]
[SourceTitle "Corr 2008"]
[Source "ChessBase"]
[SourceDate "2008.06.24"]
[SourceVersion "1"]
[SourceVersionDate "2008.06.24"]
[SourceQuality "1"]

1. e4 c5 2. Nf3 d6 3. d4 cxd4 4. c3 dxc3 5. Nxc3 Nc6 6. Bc4 e6 7. 0-0 Nge7 8. Bg5 a6 9. a3 h6 10. Bh4 g5 11. Bg3 Ng6 12. Qd2 g4 13. Ne1 b5 14. Be2 h5 15. Rd1 e5 16. f3 Nd4 17. b4 Bh6 18. Qb2 0-0 19. Bf2 Nf4 20. Bxd4 exd4 21. Nd5 Nxd5 22. exd5 Be3+ 23. Kh1 Qh4 24. g3 Qg5 25. Ng2 Re8 26. fxg4 Bxg4 27. Bxg4 hxg4 28. Nxe3 dxe3 29. Qf6 Qg7 30. Qxg7+ Kxg7 31. Rf4 f5 32. Rxf5 Kg6 33. Rf4 Kg5 34. Kg2 Rf8 35. Re4 Rac8 36. Re1 Rc2+ 37. Kg1 Rff2 38. R1xe3 Rg2+ 39. Kf1 Rxh2 40. Kg1 Rcg2+ 41. Kf1 Ra2 42. Re2 Ra1+ 43. Re1 Rxa3 44. R4e2 Rf3+ 45. Kg1 Rxe2 46. Rxe2 Rxg3+ 47. Kf1 Rb3 48. Re6 Rxb4 49. Rxd6 a5 0-1

[Event "IECG WC.2004.F.00005"]
[Site "IECG email"]
[Date "2005.05.16"]
[Round "?"]
[White "Wisham, Clyde"]
[Black "Couto, Rafael"]
[Result "1/2-1/2"]
[WhiteElo "1665"]
[BlackElo "1591"]
[PlyCount "49"]
[EventDate "2005.05.16"]
[EventType "tourn (corr)"]
[EventRounds "6"]
[SourceTitle "Corr 2008"]
[Source "ChessBase"]
[SourceDate "2008.06.24"]
[SourceVersion "1"]
[SourceVersionDate "2008.06.24"]
[SourceQuality "1"]

1. d4 Nf6 2. Nf3 d5 3. c4 c6 4. Nc3 e6 5. e3 Nbd7 6. Bd3 dxc4 7. Bxc4 b5 8. Bd3 a6 9. e4 c5 10. e5 cxd4 11. Nxb5 Nxe5 12. Nxe5 axb5 13. Bxb5+ Bd7 14. Bxd7+ Nxd7 15. Nd3 Bd6 16. 0-0 0-0 17. Bd2 Qc7 18. h3 Qc4 19. Qf3 Rxa2 20. Rxa2 Qxa2 21. Qc6 Qd5 22. Qxd5 exd5 23. Bf4 Bxf4 24. Nxf4 Nf6 25. Rd1 1/2-1/2

[Event "IECG TE.2005.P.01828 email"]
[Site "IECG email"]
[Date "2005.03.24"]
[Round "?"]
[White "Souza, Marco Andre"]
[Black "Couto, Rafael"]
[Result "0-1"]
[WhiteElo "2186"]
[BlackElo "1599"]
[PlyCount "24"]
[EventDate "2005.03.24"]
[EventType "tourn (corr)"]
[EventRounds "6"]
[SourceTitle "Corr 2024"]
[Source "ChessBase"]
[SourceDate "2023.10.19"]
[SourceVersion "1"]
[SourceVersionDate "2023.10.19"]
[SourceQuality "1"]

1. d4 Nf6 2. c4 c5 3. d5 b5 4. Nf3 g6 5. cxb5 d6 6. g3 Bg7 7. Nc3 0-0 8. Bg2 a6 9. bxa6 Bxa6 10. 0-0 Nbd7 11. Qc2 Qa5 12. Bd2 Qb6 0-1

[Event "IECG CP.2004.P.00066 email"]
[Site "IECG email"]
[Date "2004.10.01"]
[Round "?"]
[White "MacDonald, David G"]
[Black "Couto, Rafael"]
[Result "0-1"]
[WhiteElo "2159"]
[BlackElo "1486"]
[PlyCount "38"]
[EventDate "2004.10.01"]
[EventType "tourn (corr)"]
[EventRounds "6"]
[SourceTitle "Corr 2011"]
[Source "ChessBase"]
[SourceDate "2010.08.31"]
[SourceVersion "1"]
[SourceVersionDate "2010.08.31"]
[SourceQuality "1"]

1. e4 c5 2. Nf3 d6 3. d4 cxd4 4. Nxd4 Nf6 5. Nc3 e6 6. f4 e5 7. Nf3 Qb6 8. Bc4 Be7 9. fxe5 dxe5 10. Nxe5 0-0 11. Nd5 Nxd5 12. Bxd5 Be6 13. Nc4 Qa6 14. Ne3 Re8 15. Qd3 Bb4+ 16. Kd1 Qb6 17. Qb3 Qd6 18. c3 Bc5 19. Qxb7 Nd7 0-1

[Event "IECG TE.2004.P.01605 email"]
[Site "IECG email"]
[Date "2004.09.22"]
[Round "?"]
[White "Couto, Rafael"]
[Black "Feng, Jason"]
[Result "0-1"]
[WhiteElo "1486"]
[BlackElo "1072"]
[PlyCount "70"]
[EventDate "2004.09.22"]
[EventType "tourn (corr)"]
[EventRounds "8"]
[SourceTitle "Corr 2008"]
[Source "ChessBase"]
[SourceDate "2008.06.24"]
[SourceVersion "1"]
[SourceVersionDate "2008.06.24"]
[SourceQuality "1"]

1. e4 c6 2. d4 d5 3. e5 c5 4. Bb5+ Bd7 5. a4 cxd4 6. e6 fxe6 7. Qxd4 a6 8. Bxd7+ Qxd7 9. Nf3 Nc6 10. Qe3 g6 11. 0-0 Bg7 12. Nbd2 Nh6 13. Nb3 Nf5 14. Qe2 e5 15. c3 0-0 16. Nc5 Qc8 17. g4 b6 18. Nb3 Nd6 19. Ng5 h6 20. Nh3 e4 21. Nf4 Ne5 22. h3 Nf3+ 23. Kg2 Nh4+ 24. Kh1 Qb7 25. Ng2 Rf3 26. Nxh4 Rxh3+ 27. Kg2 Rxh4 28. Bf4 Qd7 29. Bxd6 exd6 30. Kg3 g5 31. f4 exf3 32. Qxf3 Be5+ 33. Kg2 Rxg4+ 34. Kh1 Rg3 35. Qxd5+ Kg7 0-1

[Event "IECG TE.2004.P.01605 email"]
[Site "IECG email"]
[Date "2004.09.22"]
[Round "?"]
[White "Malmstroem, Jan"]
[Black "Couto, Rafael"]
[Result "1/2-1/2"]
[WhiteElo "1917"]
[BlackElo "1486"]
[PlyCount "68"]
[EventDate "2004.09.22"]
[EventType "tourn (corr)"]
[EventRounds "8"]
[SourceTitle "Corr 2008"]
[Source "ChessBase"]
[SourceDate "2008.06.24"]
[SourceVersion "1"]
[SourceVersionDate "2008.06.24"]
[SourceQuality "1"]

1. e4 c6 2. d4 d5 3. e5 c5 4. dxc5 Nc6 5. Nf3 e6 6. Be3 Nge7 7. c3 Nf5 8. Bd4 Bd7 9. a3 a5 10. Be2 Be7 11. 0-0 0-0 12. Bd3 a4 13. Qc2 h5 14. Nbd2 h4 15. h3 Nfxd4 16. cxd4 b6 17. b4 axb3 18. Nxb3 Qc7 19. Rfc1 Rfc8 20. Qb2 Rab8 21. Qc3 Qa7 22. a4 bxc5 23. dxc5 Nb4 24. Bb5 Na2 25. Rxa2 Bxb5 26. Nfd2 Bg5 27. Rcc2 Bxd2 28. Nxd2 Bc4 29. Nxc4 Qxc5 30. Qa1 dxc4 31. a5 c3 32. a6 Rb3 33. a7 Ra8 34. Qe1 Qd4 1/2-1/2

[Event "IECG TE.2004.P.01605 email"]
[Site "IECG email"]
[Date "2004.09.22"]
[Round "?"]
[White "Parra, Christian"]
[Black "Couto, Rafael"]
[Result "1/2-1/2"]
[WhiteElo "1813"]
[BlackElo "1486"]
[PlyCount "111"]
[EventDate "2004.09.22"]
[EventType "tourn (corr)"]
[EventRounds "8"]
[SourceTitle "Corr 2008"]
[Source "ChessBase"]
[SourceDate "2008.06.24"]
[SourceVersion "1"]
[SourceVersionDate "2008.06.24"]
[SourceQuality "1"]

1. e4 c6 2. d4 d5 3. e5 c5 4. dxc5 Nc6 5. Bb5 e6 6. Be3 Bd7 7. Bxc6 Bxc6 8. Nf3 Ne7 9. Nd4 Ng6 10. Nxc6 bxc6 11. 0-0 Nxe5 12. Qd4 Nd7 13. Nd2 e5 14. Qg4 Qf6 15. Nb3 h5 16. Qb4 h4 17. f4 Rb8 18. Qa4 Qg6 19. h3 Be7 20. fxe5 0-0 21. Rae1 Nxe5 22. Bd4 f6 23. c4 dxc4 24. Bxe5 fxe5 25. Qxc4+ Kh7 26. Rxe5 Rxf1+ 27. Qxf1 Bf6 28. Re1 a5 29. Qa6 Bxb2 30. Qe2 Bf6 31. Qe4 Rb5 32. Kf2 Kh6 33. Re2 Qg3+ 34. Kf1 Rb4 35. Qxc6 Rf4+ 36. Kg1 Qd3 37. Qe8 Qb1+ 38. Re1 Qxa2 39. Qe3 Bg5 40. Re2 Qb1+ 41. Re1 Qb2 42. Re2 Qb1+ 43. Re1 Qc2 44. Re2 Qg6 45. Qe6 a4 46. Nd2 a3 47. Qb3 Rd4 48. Nf3 Rd3 49. Qb1 Be3+ 50. Rxe3 Rxe3 51. Qc1 Qe8 52. c6 a2 53. c7 g5 54. Qa1 Rxf3 55. gxf3 Qe3+ 56. Kg2 1/2-1/2

[Event "IECG TE.2004.P.01503"]
[Site "IECG email"]
[Date "2004.06.17"]
[Round "?"]
[White "Portal, Angel"]
[Black "Couto, Rafael"]
[Result "0-1"]
[WhiteElo "789"]
[BlackElo "1550"]
[PlyCount "28"]
[EventDate "2004.06.17"]
[EventType "tourn (corr)"]
[EventRounds "8"]
[SourceTitle "Corr 2024"]
[Source "ChessBase"]
[SourceDate "2023.10.19"]
[SourceVersion "1"]
[SourceVersionDate "2023.10.19"]
[SourceQuality "1"]

1. e4 e6 2. d4 d5 3. Nc3 Nf6 4. Bg5 Bb4 5. e5 h6 6. Bd2 Bxc3 7. bxc3 Ne4 8. Qg4 g5 9. Bc1 c5 10. Bd3 cxd4 11. Bxe4 dxe4 12. Qxe4 Bd7 13. cxd4 Bc6 14. Qg4 h5 0-1

[Event "IECG WC.2008.P.00013 email"]
[Site "IECG email"]
[Date "2004.03.05"]
[Round "?"]
[White "Couto, Rafael"]
[Black "Zagorski, Franck"]
[Result "1/2-1/2"]
[WhiteElo "1506"]
[BlackElo "1695"]
[PlyCount "144"]
[EventDate "2004.03.05"]
[EventType "tourn (corr)"]
[EventRounds "6"]
[SourceTitle "Corr 2008"]
[Source "ChessBase"]
[SourceDate "2008.06.24"]
[SourceVersion "1"]
[SourceVersionDate "2008.06.24"]
[SourceQuality "1"]

1. e4 c6 2. d4 d5 3. Nc3 dxe4 4. Nxe4 Nf6 5. Bd3 Qxd4 6. Nf3 Qd8 7. Qe2 Nxe4 8. Bxe4 Bf5 9. Bxf5 Qa5+ 10. Bd2 Qxf5 11. 0-0-0 Nd7 12. Bc3 e6 13. h4 Nf6 14. h5 Be7 15. h6 g6 16. Rd4 0-0 17. g3 Rfd8 18. Rf4 Qd5 19. Kb1 Ne8 20. g4 c5 21. Re1 Rd6 22. Ne5 Rad8 23. a3 f6 24. Nd3 g5 25. Ra4 Nc7 26. Ra5 R6d7 27. f4 a6 28. fxg5 Qxg5 29. Bd2 Qg6 30. Nf4 Qf7 31. Bc1 e5 32. Nh5 Nb5 33. Ng7 Nd4 34. Qf2 Rc8 35. Ra4 Rc6 36. Nf5 b5 37. Qg2 bxa4 38. Nxd4 Rb6 39. Nf5 Bd8 40. Qe2 c4 41. Rd1 Rxd1 42. Qxd1 Bc7 43. c3 Qe8 44. Be3 Rb8 45. Qd5+ Kh8 46. Bc1 a5 47. Qxc4 Qd7 48. Qe4 Rd8 49. Qb7 Kg8 50. Ne3 Bd6 51. Qa6 Rc8 52. Qd3 Rd8 53. Qa6 Be7 54. Qc4+ Kf8 55. Ka1 Qe8 56. Qe4 Qg6 57. Nf5 Qf7 58. Qxa4 Qd5 59. Ne3 Qa8 60. Qc4 Qb7 61. Ka2 Qd7 62. Kb3 Rc8 63. Qe4 a4+ 64. Ka2 Bc5 65. Nd5 Qe6 66. Kb1 Kg8 67. Qf3 Be7 68. Qe4 Bf8 69. Be3 Bc5 70. Bc1 Bf8 71. Be3 Bc5 72. Bc1 Bf8 1/2-1/2

[Event "IECG WC.2008.P.00013 email"]
[Site "IECG email"]
[Date "2004.03.05"]
[Round "?"]
[White "Keller, Martin"]
[Black "Couto, Rafael"]
[Result "1/2-1/2"]
[WhiteElo "2074"]
[BlackElo "1506"]
[PlyCount "108"]
[EventDate "2004.03.05"]
[EventType "tourn (corr)"]
[EventRounds "6"]
[SourceTitle "Corr 2008"]
[Source "ChessBase"]
[SourceDate "2008.06.24"]
[SourceVersion "1"]
[SourceVersionDate "2008.06.24"]
[SourceQuality "1"]

1. d4 Nf6 2. c4 g6 3. Nc3 Bg7 4. e4 d6 5. f3 c6 6. Bg5 0-0 7. Qd2 a6 8. Bd3 b5 9. Nge2 b4 10. Na4 a5 11. c5 dxc5 12. Nxc5 Nfd7 13. Na4 Ba6 14. Rc1 Bb5 15. Bxb5 cxb5 16. Nc5 Na6 17. Nd3 Nb6 18. Bh6 Nc4 19. Qg5 f6 20. Qxb5 Nxb2 21. Bxg7 Nxd3+ 22. Qxd3 Kxg7 23. 0-0 Qb6 24. Kh1 Rfc8 25. d5 Nc5 26. Qe3 Qd6 27. Nd4 Kh8 28. Nc6 Nd7 29. Rfd1 e6 30. Nxa5 Rxc1 31. Qxc1 Rxa5 32. dxe6 Qxe6 33. Qc8+ Qg8 34. Qxd7 Ra8 35. Qd6 Qf8 36. Qxf8+ Rxf8 37. h4 Ra8 38. Rd2 Kg7 39. g4 Ra3 40. Kg2 f5 41. Rd7+ Kg8 42. exf5 Rxa2+ 43. Kg3 gxf5 44. g5 b3 45. Rb7 Ra4 46. Rxb3 h6 47. Rb5 hxg5 48. hxg5 Kf7 49. Rxf5+ Kg6 50. Rb5 Kh5 51. Rd5 Rb4 52. Kf2 Rb3 53. f4 Kg4 54. Rd4 Rf3+ 1/2-1/2

[Event "IECG CE.2003.0.00046 email"]
[Site "IECG email"]
[Date "2003.01.26"]
[Round "?"]
[White "Archer, Jim"]
[Black "Couto, Rafael"]
[Result "0-1"]
[WhiteElo "1350"]
[BlackElo "1000"]
[PlyCount "54"]
[EventDate "2003.01.26"]
[EventType "tourn (corr)"]
[EventRounds "6"]
[SourceTitle "Corr 2008"]
[Source "ChessBase"]
[SourceDate "2008.06.24"]
[SourceVersion "1"]
[SourceVersionDate "2008.06.24"]
[SourceQuality "1"]

1. e4 c5 2. Nf3 d6 3. d4 cxd4 4. Nxd4 Nf6 5. Nc3 a6 6. Bg5 e6 7. f4 Be7 8. Qf3 Qc7 9. 0-0-0 Nbd7 10. g4 b5 11. Bxf6 gxf6 12. h4 b4 13. Nce2 Bb7 14. Bg2 Nc5 15. Qe3 a5 16. f5 e5 17. Nb3 a4 18. Nxc5 Rc8 19. Rd2 Qb6 20. Rhd1 d5 21. exd5 Bxc5 22. Qd3 Ba6 23. d6 Bxd3 24. d7+ Kxd7 25. Rxd3+ Ke7 26. Rd7+ Kf8 27. Rb7 b3 0-1

[Event "IECG CE.2003.0.00046 email"]
[Site "IECG email"]
[Date "2003.01.26"]
[Round "?"]
[White "Couto, Rafael"]
[Black "Hamilton, Richard"]
[Result "1-0"]
[WhiteElo "1000"]
[BlackElo "1384"]
[PlyCount "43"]
[EventDate "2003.01.26"]
[EventType "tourn (corr)"]
[EventRounds "6"]
[SourceTitle "Corr 2008"]
[Source "ChessBase"]
[SourceDate "2008.06.24"]
[SourceVersion "1"]
[SourceVersionDate "2008.06.24"]
[SourceQuality "1"]

1. e4 e5 2. Nf3 Nc6 3. Nc3 Nf6 4. d4 exd4 5. Nd5 Nxe4 6. Qe2 f5 7. Ng5 d3 8. cxd3 Nd4 9. Qh5+ g6 10. Qh4 c6 11. dxe4 cxd5 12. exd5 Bg7 13. Kd1 h6 14. Nf3 Qb6 15. Nxd4 Bxd4 16. f3 g5 17. Qh5+ Kd8 18. Bd3 d6 19. Re1 Bd7 20. Qf7 Ba4+ 21. b3 Bxa1 22. bxa4 1-0

[Event "IECG CF.2002.0.00021 email"]
[Site "IECG email"]
[Date "2002.04.03"]
[Round "?"]
[White "Couto, Rafael"]
[Black "Briceno Ochoa, Jose Antonio"]
[Result "1-0"]
[WhiteElo "1000"]
[BlackElo "1186"]
[PlyCount "33"]
[EventDate "2002.04.03"]
[EventType "tourn (corr)"]
[EventRounds "6"]
[SourceTitle "Corr 2008"]
[Source "ChessBase"]
[SourceDate "2008.06.24"]
[SourceVersion "1"]
[SourceVersionDate "2008.06.24"]
[SourceQuality "1"]

1. e4 d6 2. Nc3 Nf6 3. f4 c6 4. Nf3 h6 5. d4 Bg4 6. e5 dxe5 7. fxe5 Nd5 8. Bd3 e6 9. 0-0 Bb4 10. Nxd5 cxd5 11. c3 Be7 12. Qe1 Bxf3 13. Rxf3 0-0 14. Qd1 Nc6 15. Rg3 g5 16. Qh5 Kg7 17. Bxg5 1-0

[Event "IECG CF.2002.0.00021 email"]
[Site "IECG email"]
[Date "2002.04.03"]
[Round "?"]
[White "Dangel, Matthew"]
[Black "Couto, Rafael"]
[Result "0-1"]
[WhiteElo "1000"]
[BlackElo "1000"]
[PlyCount "22"]
[EventDate "2002.04.03"]
[EventType "tourn (corr)"]
[EventRounds "6"]
[SourceTitle "Corr 2008"]
[Source "ChessBase"]
[SourceDate "2008.06.24"]
[SourceVersion "1"]
[SourceVersionDate "2008.06.24"]
[SourceQuality "1"]

1. e4 c5 2. Nf3 d6 3. d4 cxd4 4. Nxd4 Nf6 5. Nc3 g6 6. Be3 Bg7 7. Be2 0-0 8. f4 Nc6 9. f5 a5 10. g4 Nxe4 11. Nxc6 bxc6 0-1

[Event "IECG CF.2002.0.00021 email"]
[Site "IECG email"]
[Date "2002.04.03"]
[Round "?"]
[White "Marolt, Tone"]
[Black "Couto, Rafael"]
[Result "0-1"]
[WhiteElo "1139"]
[BlackElo "1000"]
[PlyCount "53"]
[EventDate "2002.04.03"]
[EventType "tourn (corr)"]
[EventRounds "6"]
[SourceTitle "Corr 2008"]
[Source "ChessBase"]
[SourceDate "2008.06.24"]
[SourceVersion "1"]
[SourceVersionDate "2008.06.24"]
[SourceQuality "1"]

1. e4 c5 2. Nf3 d6 3. d4 cxd4 4. Nxd4 Nf6 5. Nc3 g6 6. Be3 Bg7 7. f3 0-0 8. Qd2 Nc6 9. Bc4 Bd7 10. 0-0-0 Ne5 11. Bb3 Qa5 12. h4 Rfc8 13. g4 h5 14. gxh5 Nxh5 15. Rhg1 Nc4 16. Bxc4 Rxc4 17. Rg5 Qa6 18. Rdg1 Nf4 19. h5 Rxc3 20. Bxf4 Rc4 21. Be3 Qxa2 22. Ra5 Ba4 23. Rxa4 Rxa4 24. c3 Rc8 25. Kd1 Rxd4 26. Bxd4 Bxd4 27. Qxd4 0-1

[Event "IECG TG.2002.0.14451"]
[Site "IECG email"]
[Date "2002.??.??"]
[Round "1"]
[White "Frans, Alexander Ernest"]
[Black "Couto, Rafael"]
[Result "0-1"]
[WhiteElo "1013"]
[BlackElo "1000"]
[PlyCount "58"]
[EventDate "2002.??.??"]
[EventType "match (corr)"]
[EventRounds "2"]
[SourceTitle "Corr 2008"]
[Source "ChessBase"]
[SourceDate "2008.06.24"]
[SourceVersion "1"]
[SourceVersionDate "2008.06.24"]
[SourceQuality "1"]

1. Nf3 Nf6 2. g3 d5 3. Bg2 g6 4. d3 Bg7 5. 0-0 0-0 6. Re1 c5 7. Nbd2 Nc6 8. e4 b6 9. exd5 Nxd5 10. Nc4 Bb7 11. Nfe5 Nxe5 12. Nxe5 Qc7 13. Ng4 Rae8 14. a3 f5 15. Ne3 Nxe3 16. fxe3 Bxg2 17. Kxg2 c4 18. d4 e5 19. c3 Qb7+ 20. Kg1 Rf7 21. Bd2 Qd5 22. Rb1 b5 23. b3 Rfe7 24. bxc4 bxc4 25. Kf2 exd4 26. exd4 Rxe1 27. Bxe1 Qh1 28. Qf3 Qxh2+ 29. Qg2 Re2+ 0-1